| 000 | 00417nam a2200145Ia 4500 | ||
|---|---|---|---|
| 008 | 230917s9999||||xx |||||||||||||| ||und|| | ||
| 040 |
_e198332 _aMAIN |
||
| 041 | _aEnglish | ||
| 082 | _a327.116 N42N | ||
| 100 | _aArora, V N, ed. | ||
| 245 | 0 | _aNew dimensions of security challenges in South Asia: Diagnosis and prognosis | |
| 260 |
_aNew Delhi _bMohit Publications _c2012 |
||
| 300 | _aviii, 359 p. | ||
| 942 | _cBK | ||
| 999 |
_c159938 _d159938 |
||